| Tag |
First Indicator |
Second Indicator |
Subfields |
| LEADER |
00000cam a2200000 a 4500 |
| 001 |
in00001069459 |
| 005 |
20150929095722.0 |
| 008 |
881024s1988 txu s00010 eng d |
| 035 |
|
|
|a (OCoLC)18660264
|
| 035 |
|
|
|9 AFN6256AM
|
| 040 |
|
|
|a IKM
|c IKM
|d UtOrBLW
|
| 049 |
|
|
|a IKMd
|
| 086 |
|
|
|a W600.7 R299 no.308
|2 txdocs
|
| 099 |
|
9 |
|a W600.7
|a R299
|a no.308
|
| 100 |
1 |
|
|a Nordstrom, Phillip L.
|
| 245 |
1 |
0 |
|a Occurrence and quality of ground water in Jack County, Texas /
|c by Phillip L. Nordstrom.
|
| 264 |
|
1 |
|a Austin, Tex. :
|b Texas Water Development Board,
|c [1988]
|
| 300 |
|
|
|a ix, 87 pages, 5 unnumbered folded leaves of plates :
|b illustrations (some color), maps (some color) ;
|c 28 cm.
|
| 336 |
|
|
|a text
|b txt
|2 rdacontent
|
| 337 |
|
|
|a unmediated
|b n
|2 rdamedia
|
| 338 |
|
|
|a volume
|b nc
|2 rdacarrier
|
| 490 |
1 |
|
|a Report / Texas Water Development Board ;
|v 308
|
| 504 |
|
|
|a Bibliography: pages 84-87.
|
| 650 |
|
0 |
|a Groundwater
|z Texas
|z Jack County.
|
| 710 |
2 |
|
|a Texas Water Development Board.
|
| 830 |
|
0 |
|a Report (Texas Water Development Board : 1986) ;
|v 308.
|
| 999 |
|
|
|a MARS
|
| 999 |
f |
f |
|s 100f0a13-30d8-349f-90d4-4eb539fa8024
|i 4074010a-430e-380a-bade-0e5e062dc9f4
|t 0
|
| 952 |
f |
f |
|p normal
|a Texas A&M University
|b College Station
|c Sterling C. Evans Library
|d Evans: Texas Documents (Annex 5th floor)
|t 0
|e W600.7 R299 no.308
|h Superintendent of Documents classification
|i unmediated -- volume
|m A14814164716
|
| 998 |
f |
f |
|a W600.7 R299 no.308
|t 0
|l Evans: Texas Documents (Annex 5th floor)
|